[Event "SLO-chT1 West"]
[Site "Slovenia"]
[Date "2018.10.13"]
[Round "5.2"]
[White "Zeleznik, Alojz"]
[Black "Pregarac, Valter"]
[Result "1/2-1/2"]
[WhiteElo "2151"]
[BlackElo "2150"]
[PlyCount "204"]
[EventDate "2018.09.28"]
[EventType "team-tourn"]
[EventRounds "9"]
[EventCountry "SLO"]
[SourceTitle "CBM 187 Extra"]
[Source "ChessBase"]
[SourceDate "2018.11.04"]
[SourceVersion "1"]
[SourceVersionDate "2018.11.04"]
[SourceQuality "1"]
[WhiteTeam "Jeenice Sij Acroni"]
[BlackTeam "Piran"]
[WhiteTeamCountry "SLO"]
[BlackTeamCountry "SLO"]

1. e4 e6 2. d4 d5 3. e5 c5 4. c3 Nc6 5. Nf3 Bd7 6. a3 f6 7. Bd3 Qc7 8. Bf4 c4 9. Bc2 0-0-0 10. Nbd2 h6 11. h4 Be8 12. h5 Nge7 13. Qe2 f5 14. Nh4 g5 15. hxg6 Nxg6 16. Nxg6 Bxg6 17. g4 Qf7 18. g5 h5 19. Nf3 Be7 20. Nh4 Rdg8 21. Kd2 Bd8 22. Rag1 Bb6 23. Bd1 Ne7 24. Rh3 Rh7 25. Qe3 Rgh8 26. Bg3 Qe8 27. f4 Bf7 28. Rgh1 Kb8 29. R3h2 a6 30. Ke1 Ka7 31. Ng2 Qb5 32. Qd2 Bg6 33. Ne3 Ba5 34. Nf1 Bf7 35. Ne3 Ka8 36. Qc2 Bg6 37. Bf3 Qe8 38. Qd1 Qf7 39. Qa4 Bb6 40. Qd1 Nc6 41. Nf1 Qe8 42. Bf2 Na5 43. Ng3 h4 44. Ne2 h3 45. Ng1 Qb5 46. Qc2 Nb3 47. Rxh3 Rxh3 48. Rxh3 Rxh3 49. Nxh3 Qe8 50. Be3 Qh8 51. Qg2 Ka7 52. Nf2 Qe8 53. Qh2 Na5 54. Qh6 Nc6 55. Nh1 Ne7 56. Ng3 Qg8 57. Nh5 Qf7 58. Qh8 Ng8 59. Nf6 Ne7 60. Bd1 Bc7 61. b3 cxb3 62. Bxb3 b5 63. a4 Ba5 64. Bd2 Bc7 65. axb5 axb5 66. Bd1 Nc6 67. Qc8 Nb8 68. Be2 Kb6 69. Bc1 Qe7 70. Ng8 Qd7 71. Qxd7 Nxd7 72. Ba3 Bd8 73. Ne7 Bxe7 74. Bxe7 Kc6 75. Kf2 Nb6 76. Ba3 Nc4 77. Bc1 Kd7 78. Ke1 Kc6 79. Kd1 Kd7 80. Kc2 Kc6 81. Kb3 Na5+ 82. Kb4 Nc4 83. Ba3 Kb6 84. Kb3 Ne3 85. Bc1 Nc4 86. Kb4 Kc6 87. Ba3 Kb6 88. Bc1 Kc6 89. Kb3 Kb6 90. Kc2 Kc6 91. Kd1 Kd7 92. Ke1 Ke8 93. Kf2 Kf7 94. Kg3 Kg7 95. Kh4 Kh7 96. Bh5 Kg7 97. Bxg6 Kxg6 98. Kg3 Na5 99. Kf3 Nc6 100. Ba3 Kf7 101. Ke3 Kg6 102. Kd3 Kf7 1/2-1/2

[Event "Portoroz op 12th"]
[Site "Portoroz"]
[Date "2018.07.20"]
[Round "8"]
[White "Pregarac, Valter"]
[Black "Olenik Campa, Rudi"]
[Result "1-0"]
[WhiteElo "2173"]
[BlackElo "1701"]
[PlyCount "141"]
[EventDate "2018.07.14"]
[EventType "swiss"]
[EventRounds "9"]
[EventCountry "SVK"]
[SourceTitle "EXT 2019"]
[Source "ChessBase"]
[SourceDate "2018.10.10"]
[SourceVersion "1"]
[SourceVersionDate "2018.10.10"]
[SourceQuality "1"]

1. Nf3 Nf6 2. d4 d5 3. c4 e6 4. g3 c6 5. Bg2 Bd6 6. 0-0 0-0 7. Nc3 Nbd7 8. Qc2 b6 9. e4 dxe4 10. Nxe4 Nxe4 11. Qxe4 Bb7 12. Ne5 Nxe5 13. dxe5 Bc5 14. Qe2 Qc7 15. Be4 g6 16. Bh6 Rfe8 17. Bf3 Bf8 18. Bg5 Be7 19. Bf6 Bxf6 20. exf6 e5 21. Bg4 Qd6 22. Qf3 e4 23. Rad1 Qe5 24. Qf4 Qxf4 25. gxf4 Bc8 26. Bxc8 Raxc8 27. Rd6 Rc7 28. Rfd1 c5 29. Kf1 Kf8 30. Ke2 h6 31. h4 h5 32. Ke3 Kg8 33. Rd8 Kf8 34. Rxe8+ Kxe8 35. Rd6 Rd7 36. Rd5 Rxd5 37. cxd5 Kd7 38. a4 a6 39. b3 b5 40. a5 Kd6 41. Kxe4 c4 42. bxc4 bxc4 43. Kd4 c3 44. Kxc3 Kxd5 45. Kb4 Kd4 46. f3 Kd5 47. Kc3 Kc5 48. Kd3 Kb5 49. Kd4 Kxa5 50. Kc5 Ka4 51. Kd6 Kb5 52. Ke7 a5 53. Kxf7 a4 54. Kxg6 a3 55. f7 a2 56. f8Q a1Q 57. Kxh5 Qd1 58. Qf5+ Kb6 59. Qe6+ Kc7 60. Qe5+ Kb6 61. Qe3+ Kc6 62. f5 Qd8 63. Qe4+ Kb5 64. Qe5+ Kc6 65. Kg6 Qg8+ 66. Qg7 Qe8+ 67. Qf7 Qb8 68. Qe6+ Kc5 69. Qe7+ Kc6 70. Kf7 Qf4 71. Qe4+ 1-0

[Event "Portoroz op 12th"]
[Site "Portoroz"]
[Date "2018.07.14"]
[Round "1"]
[White "Paternoster, Janez"]
[Black "Pregarac, Valter"]
[Result "0-1"]
[WhiteElo "1690"]
[BlackElo "2173"]
[PlyCount "36"]
[EventDate "2018.07.14"]
[EventType "swiss"]
[EventRounds "9"]
[EventCountry "SVK"]
[SourceTitle "EXT 2019"]
[Source "ChessBase"]
[SourceDate "2018.10.10"]
[SourceVersion "1"]
[SourceVersionDate "2018.10.10"]
[SourceQuality "1"]

1. d4 Nf6 2. c4 e6 3. Nc3 Bb4 4. Nf3 c5 5. a3 Bxc3+ 6. bxc3 Qa5 7. Bd2 Ne4 8. Qc2 Nxd2 9. Qxd2 0-0 10. e3 d6 11. Bd3 Nc6 12. d5 Ne7 13. e4 Ng6 14. 0-0 e5 15. h3 Nf4 16. Nh4 Qd8 17. Nf5 Bxf5 18. exf5 Qg5 0-1

[Event "Nova Gorica op 23rd"]
[Site "Nova Gorica"]
[Date "2018.02.01"]
[Round "9"]
[White "Mazi, Leon"]
[Black "Pregarac, Valter"]
[Result "1-0"]
[WhiteElo "2350"]
[BlackElo "2174"]
[PlyCount "71"]
[EventDate "2018.01.26"]
[EventType "swiss"]
[EventRounds "9"]
[EventCountry "SLO"]
[SourceTitle "CBM 182 Extra"]
[Source "ChessBase"]
[SourceDate "2018.02.23"]
[SourceVersion "1"]
[SourceVersionDate "2018.02.23"]
[SourceQuality "1"]

1. e4 e6 2. d4 d5 3. Nd2 c5 4. exd5 exd5 5. dxc5 Bxc5 6. Nb3 Bb6 7. Nf3 Ne7 8. Be2 0-0 9. 0-0 Nbc6 10. c3 Bg4 11. h3 Bh5 12. Bf4 Bg6 13. Qd2 Qd7 14. Rad1 Rad8 15. Rfe1 Qc8 16. Nfd4 a6 17. Bf3 Rfe8 18. Re2 h6 19. Rde1 Bxd4 20. Nxd4 Nxd4 21. Qxd4 Nc6 22. Rxe8+ Rxe8 23. Rxe8+ Qxe8 24. Qxd5 Qe1+ 25. Kh2 Qxf2 26. b4 Qc2 27. Qd2 Qf5 28. a4 Kh7 29. Bg3 Bh5 30. Qd5 Bg6 31. b5 axb5 32. axb5 Na7 33. b6 Nb5 34. Qxf5 Bxf5 35. Bxb7 Nxc3 36. Ba6 1-0

[Event "Nova Gorica op 23rd"]
[Site "Nova Gorica"]
[Date "2018.01.27"]
[Round "2"]
[White "Pregarac, Valter"]
[Black "Siraj, Anej"]
[Result "1-0"]
[WhiteElo "2174"]
[BlackElo "1955"]
[PlyCount "131"]
[EventDate "2018.01.26"]
[EventType "swiss"]
[EventRounds "9"]
[EventCountry "SLO"]
[SourceTitle "CBM 182 Extra"]
[Source "ChessBase"]
[SourceDate "2018.02.23"]
[SourceVersion "1"]
[SourceVersionDate "2018.02.23"]
[SourceQuality "1"]

1. d4 Nf6 2. Nc3 d5 3. Nf3 c5 4. dxc5 Nc6 5. e3 e6 6. a3 Bxc5 7. b4 Bd6 8. Bb2 0-0 9. Nb5 Be7 10. c4 b6 11. cxd5 Nxd5 12. Bc4 Ba6 13. Qa4 Bb7 14. Qb3 a6 15. Nbd4 Nxd4 16. Nxd4 b5 17. Bd3 Nb6 18. Rd1 Qc7 19. Rc1 Qd7 20. Qc2 h6 21. Qc7 Bd8 22. Qg3 Bf6 23. Qc7 Bd8 24. Qxd7 Nxd7 25. Nc6 Bf6 26. Bxf6 Nxf6 27. Ke2 Nd5 28. Be4 Rfe8 29. Bxd5 exd5 30. Nd4 Rac8 31. Rxc8 Rxc8 32. Kd2 Rc4 33. Rb1 Bc8 34. f3 Kf8 35. Rb2 Ke7 36. g4 Kf6 37. Rb3 h5 38. h3 Kg6 39. Rb1 hxg4 40. hxg4 f5 41. f4 Kf6 42. g5+ Kf7 43. Rh1 Bd7 44. Nf3 Rc8 45. Ne5+ Ke7 46. Rh7 Rg8 47. Kc3 Be6 48. Kd4 Kd6 49. Nd3 Bd7 50. Nc5 Bc8 51. g6 Be6 52. Nb7+ Kc6 53. Nc5 Kd6 54. Nxa6 Bd7 55. Nc5 Be8 56. Nb7+ Kc6 57. Nd8+ Kd6 58. Nf7+ Ke6 59. Ne5 Kd6 60. Rh2 Rf8 61. Rc2 Rf6 62. Rc5 Bxg6 63. Rxd5+ Ke7 64. Rxb5 Be8 65. Rb7+ Kd8 66. Rxg7 1-0

[Event "Bled op"]
[Site "Bled"]
[Date "2017.03.12"]
[Round "5"]
[White "Mazi, Leon"]
[Black "Pregarac, Valter"]
[Result "0-1"]
[WhiteElo "2353"]
[BlackElo "2182"]
[PlyCount "92"]
[EventDate "2017.03.10"]
[EventType "swiss"]
[EventRounds "5"]
[EventCountry "SLO"]
[SourceTitle "EXT 2019"]
[Source "ChessBase"]
[SourceDate "2018.10.10"]
[SourceVersion "1"]
[SourceVersionDate "2018.10.10"]
[SourceQuality "1"]

1. e4 e6 2. d3 c5 3. g3 Nc6 4. Bg2 Nge7 5. Nh3 g6 6. Nc3 Bg7 7. Bg5 0-0 8. Qd2 Nd4 9. 0-0 d6 10. Bh6 e5 11. Bxg7 Kxg7 12. f4 f6 13. Nd1 Be6 14. c3 Ndc6 15. Ne3 Qd7 16. Nf2 Rae8 17. Nd5 Nd8 18. Nd1 Nxd5 19. exd5 Bh3 20. Bxh3 Qxh3 21. Ne3 Nf7 22. Rae1 Re7 23. Qf2 e4 24. Ng2 Rfe8 25. dxe4 Rxe4 26. Rxe4 Rxe4 27. Qd2 Qd7 28. Re1 Qe8 29. Re3 Rxe3 30. Qxe3 Qa4 31. Qe6 Qxa2 32. h4 Qxb2 33. h5 Qxc3 34. Ne3 Qe1+ 35. Kg2 Qe2+ 36. Kg1 Qxh5 37. g4 Qh3 38. Kf2 Qh2+ 39. Ng2 h5 40. g5 fxg5 41. f5 gxf5 42. Qd7 h4 43. Kf1 Qe5 44. Kf2 Qg3+ 45. Kf1 h3 46. Ne3 Qf3+ 0-1

[Event "Bled op"]
[Site "Bled"]
[Date "2017.03.11"]
[Round "3"]
[White "Pregarac, Valter"]
[Black "Florjancic, Rudolf"]
[Result "1-0"]
[WhiteElo "2182"]
[BlackElo "1817"]
[PlyCount "89"]
[EventDate "2017.03.10"]
[EventType "swiss"]
[EventRounds "5"]
[EventCountry "SLO"]
[SourceTitle "EXT 2019"]
[Source "ChessBase"]
[SourceDate "2018.10.10"]
[SourceVersion "1"]
[SourceVersionDate "2018.10.10"]
[SourceQuality "1"]

1. d4 Nf6 2. c4 e6 3. Nc3 d5 4. cxd5 exd5 5. Bg5 c6 6. e3 Be7 7. Bd3 Bg4 8. Qc2 Nbd7 9. Nge2 h6 10. Bh4 Nb6 11. f3 Be6 12. 0-0 Nc4 13. Bf2 0-0 14. Rad1 Re8 15. Ng3 Nd6 16. Kh1 Qd7 17. e4 dxe4 18. fxe4 Ng4 19. Bg1 Bc4 20. e5 Bxd3 21. Qxd3 Nb5 22. Nxb5 cxb5 23. h3 Nxe5 24. dxe5 Qe6 25. Qxb5 b6 26. Qd5 Qg6 27. Qd3 Qe6 28. Qb3 Qg6 29. Nf5 Bf8 30. Bh2 Red8 31. Rxd8 Rxd8 32. Nd6 Rd7 33. Qc4 Qe6 34. Qxe6 fxe6 35. Rc1 Be7 36. Rc8+ Kh7 37. Bf4 Kg6 38. g4 h5 39. Kg2 hxg4 40. hxg4 Bd8 41. Kf3 b5 42. Nxb5 Bb6 43. Nd6 Bd4 44. b4 Bb6 45. a4 1-0

[Event "SLO-chT1 West"]
[Site "Slovenia"]
[Date "2016.12.09"]
[Round "7"]
[White "Pregarac, Valter"]
[Black "Kobal, Sasa"]
[Result "1-0"]
[WhiteElo "2150"]
[BlackElo "1766"]
[PlyCount "59"]
[EventDate "2016.11.11"]
[EventType "team-tourn"]
[EventRounds "9"]
[EventCountry "SLO"]
[SourceTitle "EXT 2018"]
[Source "ChessBase"]
[SourceDate "2017.10.13"]
[SourceVersion "1"]
[SourceVersionDate "2017.10.13"]
[SourceQuality "1"]
[WhiteTeam "Piran"]
[BlackTeam "Nova Gorica"]
[WhiteTeamCountry "SLO"]
[BlackTeamCountry "SLO"]

1. d4 Nf6 2. c4 c5 3. e3 e6 4. Nc3 b6 5. d5 exd5 6. cxd5 d6 7. Nf3 g6 8. Bb5+ Bd7 9. Be2 Bg7 10. 0-0 0-0 11. Nd2 Bc8 12. e4 Na6 13. Nc4 Nc7 14. Bf4 Nfe8 15. e5 dxe5 16. Nxe5 Bb7 17. Bf3 Nf6 18. Nc6 Bxc6 19. dxc6 Nfe8 20. Qd7 Bd4 21. Rad1 Rc8 22. Rfe1 Ne6 23. Bh6 Nf6 24. Qxa7 Ra8 25. Qb7 Re8 26. Rxe6 Rxe6 27. c7 Qe7 28. Qxa8+ Ne8 29. g3 Re1+ 30. Kg2 1-0

[Event "Trieste op 18th"]
[Site "Trieste"]
[Date "2016.09.04"]
[Round "2"]
[White "Pregarac, Valter"]
[Black "Jovanic, Ognjen"]
[Result "0-1"]
[WhiteElo "2181"]
[BlackElo "2433"]
[PlyCount "72"]
[EventDate "2016.09.03"]
[EventType "swiss"]
[EventRounds "9"]
[EventCountry "ITA"]
[SourceTitle "CBM 174 Extra"]
[Source "ChessBase"]
[SourceDate "2016.10.10"]
[SourceVersion "1"]
[SourceVersionDate "2016.10.10"]
[SourceQuality "1"]

1. d4 d5 2. c4 c6 3. Nf3 Nf6 4. e3 Bf5 5. Nc3 e6 6. Be2 Nbd7 7. Nh4 Be4 8. f3 Bg6 9. Qb3 Rb8 10. Nxg6 hxg6 11. Bd2 a6 12. 0-0-0 dxc4 13. Bxc4 b5 14. Be2 c5 15. Qc2 cxd4 16. exd4 Rc8 17. Kb1 Nb6 18. Qb3 Be7 19. Ne4 Nxe4 20. fxe4 Qxd4 21. Ka1 Qxe4 22. Bf3 Qc4 23. Qe3 Qc7 24. Bc3 Nc4 25. Qe2 0-0 26. h4 b4 27. Bd4 e5 28. Bf2 Bf6 29. Be4 Nd6 30. Bb1 e4 31. Bd4 Bxd4 32. Rxd4 Nf5 33. Rxb4 Ng3 34. Qe1 Nxh1 35. Qxh1 Qc1 36. Qh2 Rfd8 0-1

[Event "Portoroz op 10th"]
[Site "Portoroz"]
[Date "2016.07.27"]
[Round "6"]
[White "Deglmann, Ludwig"]
[Black "Pregarac, Valter"]
[Result "1/2-1/2"]
[WhiteElo "2311"]
[BlackElo "2135"]
[PlyCount "83"]
[EventDate "2016.07.23"]
[EventType "swiss"]
[EventRounds "9"]
[EventCountry "SLO"]
[SourceTitle "CBM 173 Extra"]
[Source "ChessBase"]
[SourceDate "2016.08.29"]
[SourceVersion "1"]
[SourceVersionDate "2016.08.29"]
[SourceQuality "1"]

1. d4 Nf6 2. c4 e6 3. Nc3 Bb4 4. e3 0-0 5. Nge2 d5 6. a3 Bd6 7. Ng3 c6 8. Qc2 e5 9. dxe5 Bxe5 10. Be2 Be6 11. cxd5 cxd5 12. f4 Bc7 13. 0-0 Nc6 14. Rd1 Qb8 15. Bf3 Rd8 16. Qf2 Ne7 17. Nb5 Bb6 18. b4 Nf5 19. Nxf5 Bxf5 20. Bb2 Ne4 21. Bxe4 Bxe4 22. Qg3 d4 23. Nxd4 Qd6 24. Rd2 Qg6 25. Qxg6 hxg6 26. Kf2 Rac8 27. Rad1 Bxd4 28. Bxd4 b6 29. Bb2 Rxd2+ 30. Rxd2 Rc2 31. Rxc2 Bxc2 32. g4 f5 33. g5 a5 34. bxa5 bxa5 35. Ke2 a4 36. Kd2 Be4 37. Kc3 Kf7 38. Kb4 Bc2 39. Bd4 Kg8 40. h4 Kf7 41. Kb5 Kg8 42. Kb4 1/2-1/2

[Event "Portoroz op 10th"]
[Site "Portoroz"]
[Date "2016.07.24"]
[Round "2"]
[White "Maksimovic, Masa"]
[Black "Pregarac, Valter"]
[Result "0-1"]
[WhiteElo "1854"]
[BlackElo "2135"]
[PlyCount "162"]
[EventDate "2016.07.23"]
[EventType "swiss"]
[EventRounds "9"]
[EventCountry "SLO"]
[SourceTitle "CBM 173 Extra"]
[Source "ChessBase"]
[SourceDate "2016.08.29"]
[SourceVersion "1"]
[SourceVersionDate "2016.08.29"]
[SourceQuality "1"]

1. e4 e5 2. Nf3 Nc6 3. Bb5 a6 4. Ba4 Nf6 5. 0-0 Be7 6. Re1 b5 7. Bb3 0-0 8. a4 b4 9. d4 d6 10. dxe5 dxe5 11. Qxd8 Rxd8 12. Nbd2 Bd6 13. h3 Na5 14. Nc4 Nxc4 15. Bxc4 h6 16. b3 Bb7 17. Bd3 Nd7 18. Bb2 f6 19. Rad1 Kh7 20. Nd2 Nb6 21. f3 a5 22. Nc4 Bc5+ 23. Kf1 Ba6 24. Nxb6 Bxd3+ 25. Rxd3 cxb6 26. Rxd8 Rxd8 27. Ke2 Rc8 28. Rd1 Kg6 29. g3 Bf2 30. c4 bxc3 31. Bxc3 Rxc3 32. Kxf2 Rxb3 33. Rd6 Rb4 34. Ke3 Kf7 35. Kd3 Ke7 36. Rc6 Kd7 37. Rc4 Rb2 38. Ke3 Rg2 39. g4 Rb2 40. Rc3 Ra2 41. Rc4 g5 42. Kd3 Kd6 43. Ke3 Ra3+ 44. Ke2 Rb3 45. Rc8 Rb4 46. Rf8 Rxa4 47. Rxf6+ Kc5 48. Rxh6 b5 49. Re6 Kd4 50. Rd6+ Kc3 51. Rd5 b4 52. Rc5+ Kd4 53. Rd5+ Kc3 54. Rc5+ Kb2 55. Rxe5 b3 56. Rb5 Kc2 57. Rc5+ Kb1 58. e5 Ra2+ 59. Kd3 a4 60. e6 Rc2 61. Rxc2 bxc2 62. e7 c1Q 63. e8Q Qc2+ 64. Kd4 a3 65. Qe1+ Qc1 66. Qe4+ Qc2 67. Qe1+ Qc1 68. Qe4+ Kb2 69. Qe2+ Ka1 70. Kd3 Qb1+ 71. Qc2 Qb5+ 72. Kd4 Qb6+ 73. Kd3 Qb1 74. Kd2 Qb4+ 75. Kd3 Qd6+ 76. Ke2 Qh2+ 77. Kd3 Qxc2+ 78. Kxc2 Ka2 79. Kc1 Kb3 80. Kb1 a2+ 81. Ka1 Ka3 0-1

[Event "Portoroz op 10th"]
[Site "Portoroz"]
[Date "2016.07.24"]
[Round "3"]
[White "Pregarac, Valter"]
[Black "Urbanc, Peter"]
[Result "0-1"]
[WhiteElo "2135"]
[BlackElo "2262"]
[PlyCount "92"]
[EventDate "2016.07.23"]
[EventType "swiss"]
[EventRounds "9"]
[EventCountry "SLO"]
[SourceTitle "CBM 173 Extra"]
[Source "ChessBase"]
[SourceDate "2016.08.29"]
[SourceVersion "1"]
[SourceVersionDate "2016.08.29"]
[SourceQuality "1"]

1. d4 e6 2. c4 f5 3. g3 Nf6 4. Bg2 d5 5. Nh3 Bd6 6. 0-0 0-0 7. b3 c6 8. Bb2 Nbd7 9. Nd2 Qe7 10. Qc2 Ng4 11. Nf3 b6 12. cxd5 cxd5 13. Nf4 Ba6 14. Nd3 Rac8 15. Qd1 Rc7 16. Rc1 Rfc8 17. Rxc7 Rxc7 18. Qb1 Ndf6 19. h3 Nh6 20. Rc1 Ne4 21. Rxc7 Qxc7 22. Qc1 Qxc1+ 23. Nxc1 Nf7 24. Nd3 Kf8 25. Nfe5 Nxe5 26. dxe5 Be7 27. g4 fxg4 28. hxg4 Kf7 29. Kf1 Bb5 30. f3 Nc5 31. Ne1 Bg5 32. Nc2 Bd2 33. Kf2 Bf4 34. Bf1 Bg5 35. Nd4 Bh4+ 36. Ke3 Bd7 37. Bg2 Bg3 38. Nc2 g5 39. b4 Nb7 40. Kd2 Nd8 41. Ne1 Bb5 42. Nc2 Ba4 43. Ne1 Nc6 44. e3 Nxb4 45. a3 Bxe1+ 46. Kxe1 Nd3+ 0-1

[Event "SRB Central-ch op-A 9th"]
[Site "Paracin"]
[Date "2016.07.07"]
[Round "1"]
[White "Pregarac, Valter"]
[Black "Rabrenovic, Vladan"]
[Result "1-0"]
[WhiteElo "2135"]
[BlackElo "2369"]
[PlyCount "53"]
[EventDate "2016.07.07"]
[EventType "swiss"]
[EventRounds "9"]
[EventCountry "SRB"]
[SourceTitle "CBM 173 Extra"]
[Source "ChessBase"]
[SourceDate "2016.08.29"]
[SourceVersion "1"]
[SourceVersionDate "2016.08.29"]
[SourceQuality "1"]

1. d4 Nf6 2. c4 g6 3. Nc3 d5 4. Nf3 Bg7 5. Bg5 Ne4 6. Bf4 Nxc3 7. bxc3 dxc4 8. e3 b5 9. Qb1 a6 10. a4 Bd7 11. axb5 Bxb5 12. Ne5 Nd7 13. Nxc4 c5 14. Nd6+ exd6 15. Bxb5 0-0 16. Bxa6 cxd4 17. cxd4 Nc5 18. Be2 Ne6 19. Bg3 Rxa1 20. Qxa1 Re8 21. Qa4 Re7 22. Kd2 h5 23. Rb1 Ng5 24. Bd3 Ne4+ 25. Bxe4 Rxe4 26. Qa6 Qg5 27. Qa8+ 1-0

[Event "Nova Gorica op 21st"]
[Site "Nova Gorica"]
[Date "2016.02.04"]
[Round "9"]
[White "Tica, Sven"]
[Black "Pregarac, Valter"]
[Result "1/2-1/2"]
[WhiteElo "2187"]
[BlackElo "2099"]
[PlyCount "63"]
[EventDate "2016.01.29"]
[EventType "swiss"]
[EventRounds "9"]
[EventCountry "SLO"]
[SourceTitle "CBM 170 Extra"]
[Source "ChessBase"]
[SourceDate "2016.02.25"]
[SourceVersion "1"]
[SourceVersionDate "2016.02.25"]
[SourceQuality "1"]

1. d4 e6 2. Nf3 Nf6 3. g3 d5 4. Bg2 b5 5. 0-0 Bb7 6. c3 c5 7. Bg5 Nbd7 8. Nbd2 Qb6 9. dxc5 Bxc5 10. Nb3 Be7 11. Nfd4 a6 12. Rc1 h6 13. Bxf6 Nxf6 14. e3 0-0 15. Qe2 Ne4 16. Rfd1 Rfd8 17. Na1 Rac8 18. f4 b4 19. cxb4 Qxb4 20. a3 Qb6 21. Qe1 Bf6 22. Kh1 e5 23. fxe5 Bxe5 24. Bh3 Rxc1 25. Rxc1 Qg6 26. Bg2 Re8 27. Qf1 Qg4 28. Qd3 Bd6 29. Nf3 Qd7 30. Nd4 Qg4 31. Nf3 Qd7 32. Nd4 1/2-1/2

[Event "Nova Gorica op 21st"]
[Site "Nova Gorica"]
[Date "2016.02.02"]
[Round "7"]
[White "Beletic, Daniel"]
[Black "Pregarac, Valter"]
[Result "1-0"]
[WhiteElo "2325"]
[BlackElo "2099"]
[PlyCount "64"]
[EventDate "2016.01.29"]
[EventType "swiss"]
[EventRounds "9"]
[EventCountry "SLO"]
[SourceTitle "CBM 170 Extra"]
[Source "ChessBase"]
[SourceDate "2016.02.25"]
[SourceVersion "1"]
[SourceVersionDate "2016.02.25"]
[SourceQuality "1"]

1. d4 Nf6 2. Bg5 d5 3. Nd2 g6 4. e3 Bg7 5. Bd3 c5 6. c3 Nc6 7. Ngf3 Qb6 8. Rb1 cxd4 9. exd4 Qc7 10. 0-0 0-0 11. Re1 Re8 12. Rc1 Bg4 13. h3 Be6 14. Nf1 a6 15. Ng3 b5 16. Qd2 Rad8 17. Bh6 Bh8 18. Qg5 Ne4 19. Nxe4 dxe4 20. Bxe4 Bf6 21. Qc5 Bd7 22. d5 Qa7 23. Be3 Qxc5 24. Bxc5 Na5 25. Bb6 Nc4 26. Bxd8 Rxd8 27. b3 Nd6 28. Bd3 Nb7 29. c4 Nc5 30. Bb1 b4 31. Ne5 Be8 32. Rcd1 Kf8 1-0

[Event "Nova Gorica op 21st"]
[Site "Nova Gorica"]
[Date "2016.02.01"]
[Round "6"]
[White "Lerch, Philipp"]
[Black "Pregarac, Valter"]
[Result "1-0"]
[WhiteElo "2310"]
[BlackElo "2099"]
[PlyCount "157"]
[EventDate "2016.01.29"]
[EventType "swiss"]
[EventRounds "9"]
[EventCountry "SLO"]
[SourceTitle "CBM 170 Extra"]
[Source "ChessBase"]
[SourceDate "2016.02.25"]
[SourceVersion "1"]
[SourceVersionDate "2016.02.25"]
[SourceQuality "1"]

1. c4 e6 2. g3 d5 3. Bg2 g6 4. Nf3 Bg7 5. 0-0 Ne7 6. d3 0-0 7. Nbd2 b6 8. Rb1 Bb7 9. Qc2 c5 10. a3 Qc7 11. e3 Nd7 12. b3 e5 13. cxd5 Nxd5 14. Bb2 Rac8 15. Rbc1 Qb8 16. Qb1 Rfe8 17. Qa1 Rcd8 18. Nc4 f6 19. e4 Ne7 20. b4 Nc6 21. Qa2 Kh8 22. b5 Ne7 23. Rfd1 Nf8 24. h4 Bc8 25. a4 Be6 26. Kh2 Nc8 27. Bh3 Nd6 28. Bxe6 Nxe6 29. Ne3 Bh6 30. Nd2 Bxe3 31. fxe3 Qb7 32. Rf1 Qe7 33. Rcd1 Rd7 34. Qa1 Kg8 35. Qa2 Kh8 36. Bc3 Red8 37. Qc2 Kg8 38. Nf3 Nf7 39. Kg2 Rd6 40. Nh2 Nh6 41. Rd2 R8d7 42. Bb2 Qd8 43. Qc4 Kg7 44. Rfd1 Qa8 45. g4 g5 46. h5 Qe8 47. Kf3 Nf7 48. Ke2 Nc7 49. Rc2 Rd8 50. Kf3 R6d7 51. Rcd2 Nd6 52. Qc2 Ne6 53. Nf1 Qf7 54. Ng3 Qe8 55. Kg2 Kh8 56. Rf1 Qe7 57. h6 Nc7 58. Bc3 Nce8 59. d4 Nc4 60. Nf5 exd4 61. exd4 Qe6 62. d5 Qxf5 63. Rxf5 Ne3+ 64. Kf3 Nxc2 65. Rxc2 Kg8 66. Bxf6 Nxf6 67. Rxf6 Rd6 68. Rxd6 Rxd6 69. Rh2 Kf7 70. Ke3 Kf6 71. Rf2+ Kg6 72. Rd2 Kf6 73. Rf2+ Kg6 74. Kd3 Kxh6 75. Kc4 Kg6 76. e5 Rd8 77. d6 h5 78. Rf6+ Kg7 79. gxh5 1-0

[Event "SLO-chT1 West"]
[Site "Ljubljana"]
[Date "2015.10.16"]
[Round "1"]
[White "Gantar, Jan"]
[Black "Pregarac, Valter"]
[Result "1-0"]
[WhiteElo "2165"]
[BlackElo "2117"]
[PlyCount "161"]
[EventDate "2015.10.16"]
[EventType "team-tourn"]
[EventRounds "9"]
[EventCountry "SLO"]
[SourceTitle "EXT 2019"]
[Source "ChessBase"]
[SourceDate "2018.10.10"]
[SourceVersion "1"]
[SourceVersionDate "2018.10.10"]
[SourceQuality "1"]
[WhiteTeam "Komenda"]
[BlackTeam "Piran"]
[WhiteTeamCountry "SLO"]
[BlackTeamCountry "SLO"]

1. e4 e5 2. Nf3 Nc6 3. Nc3 Nf6 4. h3 Be7 5. d4 d6 6. Be2 0-0 7. 0-0 h6 8. a4 a5 9. Re1 Nxd4 10. Nxd4 exd4 11. Qxd4 Bd7 12. Bf4 Bc6 13. Rad1 Nd7 14. Nd5 Bf6 15. Nxf6+ Qxf6 16. Qxf6 Nxf6 17. e5 dxe5 18. Bxe5 Bxa4 19. b3 Bc6 20. Bxc7 Nd5 21. Be5 Rfe8 22. Bc4 Nb6 23. Bd3 Nd5 24. c3 b5 25. Bxb5 Bxb5 26. Rxd5 Bc6 27. Rdd1 a4 28. bxa4 Bxa4 29. Ra1 Ra5 30. Bd4 Rxe1+ 31. Rxe1 Bb5 32. Re5 Ra1+ 33. Kh2 Bc4 34. Rc5 Be6 35. Kg3 Ra4 36. f4 f6 37. f5 Ba2 38. Kf4 Rc4 39. Ra5 Bb1 40. g4 Rc7 41. Bc5 Bd3 42. h4 Kf7 43. g5 hxg5+ 44. hxg5 fxg5+ 45. Kxg5 Bc2 46. Bd4 Bd3 47. Be5 Rd7 48. Rc5 Ba6 49. Rc6 Bb5 50. Rb6 Bc4 51. Rb4 Bd5 52. c4 Rb7 53. Ra4 Bf3 54. c5 Rb5 55. Ra7+ Rb7 56. Ra3 Be4 57. Kf4 Bd5 58. Rd3 Rb4+ 59. Kg5 Bc6 60. Rd6 Ba4 61. Rg6 Rc4 62. Rxg7+ Kf8 63. Kf6 Rh4 64. Bd6+ Ke8 65. Ra7 Bb5 66. Re7+ Kd8 67. Ke5 Bc6 68. Ra7 Re4+ 69. Kf6 Re1 70. Kf7 Bd5+ 71. Kf6 Bc6 72. Be5 Rc1 73. Bd4 Rd1 74. Ke5 Bg2 75. f6 Re1+ 76. Kd6 Rd1 77. Ra4 Ke8 78. c6 Rc1 79. Ra8+ Kf7 80. Ra7+ Kf8 81. Bc5 1-0

[Event "Trieste op 17th"]
[Site "Trieste"]
[Date "2015.09.02"]
[Round "6"]
[White "Henrich, Thomas"]
[Black "Pregarac, Valter"]
[Result "1-0"]
[WhiteElo "2177"]
[BlackElo "2116"]
[PlyCount "101"]
[EventDate "2015.08.29"]
[EventType "swiss"]
[EventRounds "9"]
[EventCountry "ITA"]
[SourceTitle "EXT 2016"]
[Source "ChessBase"]
[SourceDate "2015.10.08"]
[SourceVersion "1"]
[SourceVersionDate "2015.10.08"]
[SourceQuality "1"]

1. d4 e6 2. c4 Nf6 3. Nc3 Bb4 4. e3 0-0 5. Nge2 d5 6. a3 Be7 7. Nf4 a5 8. b3 Na6 9. Qf3 c6 10. Bb2 Qb6 11. Qd1 dxc4 12. Bxc4 Nd5 13. Ncxd5 cxd5 14. Bd3 Bd7 15. 0-0 Bb5 16. Kh1 Bd6 17. Nh5 Bxd3 18. Qxd3 a4 19. b4 Nc7 20. e4 dxe4 21. Qxe4 Nd5 22. Bc1 Be7 23. Qe5 f6 24. Qg3 Rf7 25. Qd3 Rc8 26. Bd2 Bf8 27. Ng3 f5 28. Rfe1 Rfc7 29. Re5 g6 30. Rae1 Bg7 31. Rxe6 Qxd4 32. Qe2 Nf6 33. Bg5 Rc2 34. Qf3 Ng4 35. h3 Nxf2+ 36. Kh2 Ne4 37. Nxe4 fxe4 38. R1xe4 Qd7 39. Re7 Qd6+ 40. Bf4 Qc6 41. Qg4 Rf8 42. R4e6 Qc4 43. Re4 Qd5 44. Bg3 Rd2 45. Bf4 Rd3 46. R4e5 Qc6 47. Rc5 Qf6 48. Rcc7 Bh8 49. Bg3 Rd4 50. Qe2 h5 51. Qa2+ 1-0